General Knowledge Quiz #126 - Statistics

General Stats
  • This quiz has been taken 84,105 times
    63,400 since last reset
  • The average score is 10 of 20
Answer Stats
Question Answer % Correct
What would a person turn into if they gazed into Medusa's eyes? Stone
96%
What brothers compiled fairy tales including "Cinderella" and "Rumpelstiltskin"? Brothers Grimm
80%
What occupation puts one at risk for black lung? Coal mining
80%
What country was British PM Neville Chamberlain visiting in 1938 when he declared "I believe it is peace in our time"? Germany
63%
What sport takes place in a velodrome? Track cycling
62%
In Spanish it's "Cruz". In French, it's "Croix". What is it in English? Cross
61%
What animal is known in German as as Schildkröte, literally a "shield toad"? Tortoise
58%
What type of creature might leave a trail of ectoplasm behind it? a Ghost
56%
What part of the body produces Vitamin D? (which is later activated in the kidneys and liver) Skin
56%
Who has been credited with inventing 1,700 common words including assassination, bedazzled, and eyeball? William Shakespeare
55%
What country is more than 90% male? Vatican City
47%
What school of art was invented by Pablo Picasso and Georges Braque? Cubism
41%
What soccer player has bitten three others, most recently at the 2014 World Cup? Luis Suárez
41%
What industry employs best boys and key grips? Film
36%
What illness is caused by a rhinovirus? The common cold
34%
What company made Pentiums? Intel
32%
In what country would you find the world's largest stadium: Rungrado 1st of May Stadium? North Korea
30%
Who rules in a plutocracy? Rich people
28%
Who wrote the nonsense poem "Jabberwocky"? Lewis Carroll
25%
What is a nosegay made of? Flowers
21%
No matching quizzes found
Score Distribution
Percent of People with Each Score
Percentile by Number Answered
Your Score History
You have not taken this quiz since the last reset